Pillow Book ou l'expression de deux fascinations sans limites : la chair et la calligraphie (notice n° 1595378)

détails MARC
000 -LEADER
fixed length control field 01512cam a2200289 4500500
005 - DATE AND TIME OF LATEST TRANSACTION
control field 20251228073526.0
041 ## - LANGUAGE CODE
Language code of text/sound track or separate title fre
042 ## - AUTHENTICATION CODE
Authentication code dc
100 10 - MAIN ENTRY--PERSONAL NAME
Personal name Ermolieff, Anne
Relator term author
245 00 - TITLE STATEMENT
Title Pillow Book ou l'expression de deux fascinations sans limites : la chair et la calligraphie
260 ## - PUBLICATION, DISTRIBUTION, ETC.
Date of publication, distribution, etc. 2012.<br/>
500 ## - GENERAL NOTE
General note 67
520 ## - SUMMARY, ETC.
Summary, etc. RésuméÀ chaque anniversaire de Nagiko, son père écrivait leurs noms sur le visage de sa fille. Écriture chinoise qui défile sur l’écran, passé/présent qui s’entremêlent, jeux de couleurs, le film Pillow Book de Peter Greenaway est une fête visuelle de la chair, du sexe, de la peau, des mots et de la calligraphie chinoise où vie et mort sont intriquées.
520 ## - SUMMARY, ETC.
Summary, etc. For each birthday, Nagiko’s father would write their names on the face of his daughter. With Chinese writing unrolling on the screen, the past and present intermingling, the play with colors, Greenway’s film is a visual feast of flesh, sex, skin, Chinese words and calligraphy intertwining death and life.
690 ## - LOCAL SUBJECT ADDED ENTRY--TOPICAL TERM (OCLC, RLIN)
Topical term or geographic name as entry element Calligraphie à l'écran
690 ## - LOCAL SUBJECT ADDED ENTRY--TOPICAL TERM (OCLC, RLIN)
Topical term or geographic name as entry element Corps
690 ## - LOCAL SUBJECT ADDED ENTRY--TOPICAL TERM (OCLC, RLIN)
Topical term or geographic name as entry element Film
690 ## - LOCAL SUBJECT ADDED ENTRY--TOPICAL TERM (OCLC, RLIN)
Topical term or geographic name as entry element Idéogrammes
690 ## - LOCAL SUBJECT ADDED ENTRY--TOPICAL TERM (OCLC, RLIN)
Topical term or geographic name as entry element Jouissance
690 ## - LOCAL SUBJECT ADDED ENTRY--TOPICAL TERM (OCLC, RLIN)
Topical term or geographic name as entry element “Jouissance”
690 ## - LOCAL SUBJECT ADDED ENTRY--TOPICAL TERM (OCLC, RLIN)
Topical term or geographic name as entry element Body
690 ## - LOCAL SUBJECT ADDED ENTRY--TOPICAL TERM (OCLC, RLIN)
Topical term or geographic name as entry element Calligraphy on screen
690 ## - LOCAL SUBJECT ADDED ENTRY--TOPICAL TERM (OCLC, RLIN)
Topical term or geographic name as entry element Film
690 ## - LOCAL SUBJECT ADDED ENTRY--TOPICAL TERM (OCLC, RLIN)
Topical term or geographic name as entry element Ideograms
786 0# - DATA SOURCE ENTRY
Note Savoirs et clinique | 15 | 1 | 2012-04-01 | p. 151-156 | 1634-3298
856 41 - ELECTRONIC LOCATION AND ACCESS
Uniform Resource Identifier <a href="https://shs.cairn.info/revue-savoirs-et-cliniques-2012-1-page-151?lang=fr&redirect-ssocas=7080">https://shs.cairn.info/revue-savoirs-et-cliniques-2012-1-page-151?lang=fr&redirect-ssocas=7080</a>

Pas d'exemplaire disponible.

PLUDOC

PLUDOC est la plateforme unique et centralisée de gestion des bibliothèques physiques et numériques de Guinée administré par le CEDUST. Elle est la plus grande base de données de ressources documentaires pour les Étudiants, Enseignants chercheurs et Chercheurs de Guinée.

Adresse

627 919 101/664 919 101

25 boulevard du commerce
Kaloum, Conakry, Guinée

Réseaux sociaux

Powered by Netsen Group @ 2025